| 000 | 00886cam a2200265 a 4500 | ||
|---|---|---|---|
| 001 | 712965 | ||
| 005 | 20171227074007.0 | ||
| 008 | 961219s1994 idua b 001 0 eng d | ||
| 010 | _a 97104358 | ||
| 020 | _a1877930067 | ||
| 035 | _a(OCoLC)36116514 | ||
| 040 |
_aCPlhC _cCPlhC _dDLC |
||
| 041 | _aeng | ||
| 042 | _alccopycat | ||
| 080 | _a616.024 PER | ||
| 082 | 0 | 0 |
_a616.024 PER _221 |
| 100 | 1 | _a3 | |
| 101 | _aSHM | ||
| 245 | 1 | 0 |
_aKaiser Permanente Healthwise handbook : _cDonald W. Kemper, the Healthwise staff, the physicians and staff of Kaiser Permanente. |
| 246 | 3 | 0 | _aHealthwise handbook |
| 504 | _aIncludes bibliographical references (p. 307-311) and index. | ||
| 906 |
_a7 _bcbc _ccopycat _d2 _encip _f19 _gy-gencatlg |
||
| 942 |
_2ddc _cBK |
||
| 999 |
_c39488 _d39488 |
||